Zákon o sociálnom fonde. V čom spočívajú zmeny?

Úplné znenie novely zákona NR SR z 11. 12. 1996 č. 375 Z. z., ktorým sa mení a dopĺňa zákon NR SR č. 152/1994 Z. z. o sociálnom fonde a o zmene a doplnení zákona č. 286/1992 Zb. o daniach z príjmov v znení neskorších predpisov a znení zákona NR SR č. 280/1995 Z. z. s účinnosťou od 1. 1. 1997. Odborn...

Descrizione completa

Salvato in:
Dettagli Bibliografici
Autore principale: Polková, E.
Natura: Capitolo di libro
Lingua:slovacco
Soggetti:
Tags: Aggiungi Tag
Nessun Tag, puoi essere il primo ad aggiungerne!!

MARC

LEADER 00000naa a2200000 4500
001 r023148
005 20230824085458.0
041 0 |a slo 
044 |a SK 
245 1 0 |a Zákon o sociálnom fonde. V čom spočívajú zmeny?  |c E. Polková 
520 |a Úplné znenie novely zákona NR SR z 11. 12. 1996 č. 375 Z. z., ktorým sa mení a dopĺňa zákon NR SR č. 152/1994 Z. z. o sociálnom fonde a o zmene a doplnení zákona č. 286/1992 Zb. o daniach z príjmov v znení neskorších predpisov a znení zákona NR SR č. 280/1995 Z. z. s účinnosťou od 1. 1. 1997. Odborný výklad zákona. 
610 2 0 |a Slovensko 
610 2 0 |a 1996 
610 2 0 |a 1997 
610 2 0 |a zákony 
610 2 0 |a fond sociálny 
610 2 0 |a novelizácia 
610 2 0 |a dane z príjmov 
100 1 |a Polková, E.